Le Bouc Emissaire
Сохранить в:
| Главный автор: | |
|---|---|
| Формат: | |
| Язык: | французский |
| Опубликовано: |
París
Bernard Grasset
1982
|
| Предметы: | |
| Метки: |
Добавить метку
Нет меток, Требуется 1-ая метка записи!
|
MARC
| LEADER | 00000nam a2200000 a 4500 | ||
|---|---|---|---|
| 001 | UCW0324 | ||
| 003 | CL-VaPUC | ||
| 008 | 921126e19820000FR |||||||||||||||||fre|d | ||
| 082 | 0 | 4 | |a 292 |b GIR |2 21 |
| 100 | |a Girard, René |e author |9 592269 | ||
| 245 | 1 | 3 | |a Le Bouc Emissaire |
| 300 | |a 298 p | ||
| 942 | |c BK | ||
| 945 | |d 19921126 00:00:00 | ||
| 260 | |a París |b Bernard Grasset |c 1982 | ||
| 650 | 0 | |a Mitología |9 255719 | |
| 583 | |a last modification |c 19921126 00:00:00 |k Rodrigo Vera | ||
| 999 | |c 215532 |d 215530 | ||
| 952 | |0 0 |1 0 |4 0 |6 292_000000000000000_GIR_1982 |7 0 |8 A |9 199873 |a BIBART |b BIBART |d 2019-11-14 |i 2671433 |o 292 GIR 1982 |p 2671433 |r 2025-03-13 |w 2019-11-14 |y BK |k ART | ||